Statistics for Zodiac Signs - Parts of the Body

Click here to take the quiz!

General Stats

  • This quiz has been taken 128 times
  • The average score is 7 of 12

Answer Stats

SignBody Part% Correct
AriesHead
92%
LeoHeart and Backbone
92%
VirgoStomach and Abdomen
87%
PiscesFeet
81%
GeminiHands and Lungs
78%
TaurusThroat
74%
CancerChest and Breasts
64%
SagittariusThighs and Hips
46%
CapricornKnees and Joints
44%
LibraKidneys and Lower Back
31%
ScorpioGenitals
27%
AquariusAnkles
26%

Score Distribution

Percentile by Number Answered

Percent of People with Each Score

Your Score History

You have not taken this quiz